| 000 | 00000nam 2200000zi 4500 |
| 001 | 9.931911 |
| 003 | CaOODSP |
| 005 | 20240828091047 |
| 006 | m o d f |
| 007 | cr mn||||||||| |
| 008 | 240102t20242023onca ob f000 0 fre d |
| 020 | |a9780660694399 |
| 040 | |aCaOODSP|bfre|erda|cCaOODSP |
| 043 | |an-cn--- |
| 086 | 1 |aHP40-337/2024F-PDF |
| 245 | 00|aPlan d'action pancanadien sur la résistance aux antimicrobiens. |
| 250 | |a[Édition de 2024]. |
| 264 | 1|aOttawa (Ontario) : |bAgence de la santeĢ publique du Canada, |c[2024] |
| 264 | 4|c©2023 |
| 300 | |a1 ressource en ligne (iii, 42 pages) : |billustrations en couleur |
| 336 | |atexte|btxt|2rdacontent/fre |
| 337 | |ainformatique|bc|2rdamedia/fre |
| 338 | |aressource en ligne|bcr|2rdacarrier/fre |
| 500 | |aPublié aussi en anglais sous le titre : Pan-Canadian Action Plan on Antimicrobial Resistance. |
| 504 | |aComprend des références bibliographiques (pages 39-42). |
| 520 | |a« Le Plan d'action pancanadien sur la résistance aux antimicrobiens (le « plan d'action ») a été élaboré encollaboration avec les partenaires fédéraux, provinciaux et territoriaux (FPT), et répond aux appels à l'action lancés par des partenaires de l'industrie, du milieu universitaire et d'autres partenaires des secteurs « d'Une seule santé ». … Le plan d'action établit les engagements FPT en matière de résistance aux antimicrobiens (RAM) pour les 5 prochaines années (2023 à 2027). Dix actions prioritaires guideront les efforts multisectoriels et multi-juridictionnels du Canada dans 5 domaines : la recherche et l'innovation, la surveillance, l'intendance, la prévention et le contrôle des infections (PCI) et le leadership » -- Sommaire, page 3. |
| 650 | 6|aMicro-organismes|xRésistance aux médicaments|xPolitique gouvernementale|zCanada. |
| 650 | 6|aPolitique sanitaire|zCanada. |
| 710 | 2 |aAgence de santé publique du Canada, |eorganisme de publication. |
| 775 | 08|tPan-Canadian Action Plan on Antimicrobial Resistance.|w(CaOODSP)9.931910 |
| 795 | |tPlan d'action pancanadien sur la résistance aux antimicrobiens.|b[Édition de 2023]|w(CaOODSP)9.922477 |
| 856 | 40|qPDF|s7.38 Mo|uhttps://publications.gc.ca/collections/collection_2024/aspc-phac/HP40-337-2024-fra.pdf |
| 856 | 4 |qHTML|sS.O.|uhttps://www.canada.ca/fr/sante-publique/services/publications/medicaments-et-produits-sante/plan-action-pancanadien-resistance-antimicrobiens.html |
| 986 | |a230660 |